|
|
|
|
| LEADER |
00593nam a22001931a 4500 |
| 020 |
|
|
|a 9780745645865
|c 0.00
|
| 040 |
|
|
|a SSUS - Library - Kalady
|
| 082 |
|
|
|a 301
|b MIC/C
|
| 100 |
|
|
|a Michael Edwards
|
| 245 |
|
|
|a Civil society
|h [Text]
|
| 260 |
|
|
|a Cambridge
|b Polity press
|c 2010
|
| 300 |
|
|
|a 171p.
|
| 600 |
|
|
|a Civil Society
|
| 600 |
|
|
|a Society
|
| 600 |
|
|
|a Social Sciences
|
| 852 |
|
|
|h 301
|i MIC/C
|p 067021
|9 1344.85
|t 0
|
| 942 |
|
|
|c BK
|
| 999 |
|
|
|c 7789
|d 7789
|
| 952 |
|
|
|0 0
|1 0
|4 0
|6 301_000000000000000_MIC_C
|7 0
|9 11716
|a SSUS
|b SSUS
|d 2015-01-08
|g 1344.85
|o 301 MIC/C
|p 067021
|r 2017-11-23
|v 0.00
|w 2015-01-08
|y BK
|